000 00361nam a2200157Ia 4500
005 20250630012419.0
008 240331s9999 xx 000 0 und d
020 _a9559714103
082 _bGUN
_a362
100 _aGunasekara,U
245 0 _aLandun ha lamayi
260 _bAn Author's Statement
_c2001
300 _a122 p .,
650 _aChildren
942 _cL
999 _c5114
_d5114